Industries in Gujarat: handbook of information. (Record no. 72246)
[ view plain ]
| 000 -LEADER | |
|---|---|
| fixed length control field | 00627cam a22002171 4500 |
| 001 - CONTROL NUMBER | |
| control field | sa 67000845 |
| 003 - CONTROL NUMBER IDENTIFIER | |
| control field | DLC |
| 005 - DATE AND TIME OF LATEST TRANSACTION | |
| control field | 20260227112318.0 |
| 008 - FIXED-LENGTH DATA ELEMENTS--GENERAL INFORMATION | |
| fixed length control field | 740123s1966 ii bd 000 0 eng |
| 010 ## - LIBRARY OF CONGRESS CONTROL NUMBER | |
| LC control number | sa 67000845 |
| 025 ## - OVERSEAS ACQUISITION NUMBER | |
| Overseas acquisition number | PL480:I-E-7320 |
| 040 ## - CATALOGING SOURCE | |
| Original cataloging agency | DLC |
| Transcribing agency | DLC |
| Modifying agency | DLC |
| 050 00 - LIBRARY OF CONGRESS CALL NUMBER | |
| Classification number | HC437.G85 |
| Item number | A517 |
| 082 00 - DEWEY DECIMAL CLASSIFICATION NUMBER | |
| Classification number | 338.095475 |
| 110 1# - MAIN ENTRY--CORPORATE NAME | |
| Corporate name or jurisdiction name as entry element | Gujarat (India). |
| Subordinate unit | Directorate of Industries. |
| 245 10 - TITLE STATEMENT | |
| Title | Industries in Gujarat: handbook of information. |
| 250 ## - EDITION STATEMENT | |
| Edition statement | Rev. & enl. |
| 260 ## - PUBLICATION, DISTRIBUTION, ETC. | |
| Place of publication, distribution, etc. | Ahmedabad, |
| Date of publication, distribution, etc. | 1966. |
| 300 ## - PHYSICAL DESCRIPTION | |
| Extent | v, 184 p. |
| Other physical details | charts. maps (part col. and fold) |
| Dimensions | 31 cm. |
| 650 #0 - SUBJECT ADDED ENTRY--TOPICAL TERM | |
| Topical term or geographic name entry element | Industries |
| Geographic subdivision | India |
| -- | Gujarat. |
No items available.